|
|
|
|
| LEADER |
00795nem a2200265 a 4500 |
| 001 |
000437156 |
| 003 |
CZ BrMZK |
| 005 |
19990320143423.0 |
| 008 |
990320s1999 xr f cze d |
| 015 |
|
|
|a cnb000769335
|
| 020 |
|
|
|a 80-85897-63-6
|
| 040 |
|
|
|a BOA001
|b cze
|
| 080 |
|
|
|a 912(437.164)
|2 MRF
|
| 245 |
0 |
0 |
|a Žatec :
|b plán města
|h [kartografický dokument]
|
| 250 |
|
|
|a 1. vyd.
|
| 255 |
|
|
|a 1:10 000
|
| 260 |
|
|
|a Česká Lípa :
|b Geodézie ČS,
|c 1999
|
| 300 |
|
|
|a 1 list ;
|c 40 x 36 cm složený na 20 x 12 cm
|
| 490 |
1 |
|
|a Geobáze
|
| 653 |
0 |
|
|a Žatec (Česko)
|
| 830 |
|
0 |
|a Geobáze
|
| 910 |
|
|
|a BOA001
|b Skř.9A-1063.536
|
| 964 |
|
|
|a Žatec
|x plány
|
| 990 |
|
|
|a MP
|
| 996 |
6 |
|
|b 2610101040
|c Skř.9A-1063.536
|l MZK
|r Sklad / do 24 hodin
|n 1
|p p.v.
|w 000437156
|u 000010
|a 1
|e BOA001
|j MZK50
|s P
|